| 000 | 00645nam a22001937a 4500 | ||
|---|---|---|---|
| 003 | ASAB | ||
| 005 | 20240628162658.0 | ||
| 008 | 170712b xxu||||| |||| 00| 0 eng d | ||
| 040 | _cASAB | ||
| 082 | _a200 | ||
| 100 |
_aAsima Zia _93252 |
||
| 245 |
_aScreening of Candidate Type 2 Diabetes Genes in Pakistani Population/ _cAsima Zia |
||
| 260 |
_aIslamabad _bAtta Ur Rahman School of Applied Biosciences NUST _c2015 |
||
| 300 |
_a365 p; _bill; _c30,cm. |
||
| 630 |
_xPhD- Healthcare Biotechnology _9123913 |
||
| 700 |
_aSupervisor:Dr.Attya Bhatti _9123912 |
||
| 856 | _uhttp://10.250.8.41:8080/xmlui/handle/123456789/27715 | ||
| 942 |
_2ddc _cSC |
||
| 999 |
_c330436 _d330436 |
||